[Event "Kerkinitida Cup Blitz"]
[Site "Evpatoria"]
[Date "2023.09.03"]
[Round "3"]
[White "Iljin, Viktor"]
[Black "Yandarbiev, Ruslan"]
[Result "1/2-1/2"]
[WhiteElo "1066"]
[BlackElo "2191"]
[PlyCount "56"]
[EventDate "2023.09.03"]
[EventType "swiss (blitz)"]
[EventRounds "13"]
[EventCountry "UKR"]
[SourceTitle "EXT 2024"]
[Source "ChessBase"]
[SourceDate "2023.10.10"]
[SourceVersion "1"]
[SourceVersionDate "2023.10.10"]
[SourceQuality "1"]

1. d4 Nf6 2. c4 g6 3. Nc3 Bg7 4. Nf3 0-0 5. Bg5 d6 6. Bxf6 Bxf6 7. e3 c6 8. Bd3 Nd7 9. 0-0 e5 10. dxe5 Nxe5 11. Nxe5 Bxe5 12. Qc2 Be6 13. f4 Bg7 14. f5 Bd7 15. fxg6 hxg6 16. Rf3 Qe7 17. h3 Rae8 18. Raf1 Qe5 19. Qb3 Bc8 20. c5 d5 21. Qa4 d4 22. exd4 Qxd4+ 23. Qxd4 Bxd4+ 24. Kh2 Bxc5 25. Bc4 Be6 26. Bd3 Bd4 27. Bxg6 fxg6 28. Rxf8+ Rxf8 1/2-1/2

[Event "Black Sea GP"]
[Site "Evpatoria"]
[Date "2021.10.24"]
[Round "6"]
[White "Iljin, Viktor"]
[Black "Demidov, Mikhail"]
[Result "0-1"]
[WhiteElo "1066"]
[BlackElo "2551"]
[PlyCount "52"]
[EventDate "2021.10.19"]
[EventType "swiss"]
[EventRounds "9"]
[EventCountry "UKR"]
[SourceTitle "EXT 2023"]
[Source "ChessBase"]
[SourceDate "2022.10.05"]
[SourceVersion "1"]
[SourceVersionDate "2022.10.05"]
[SourceQuality "1"]

1. d4 Nc6 2. c4 e5 3. d5 Nce7 4. e4 Ng6 5. Nc3 Bc5 6. Nf3 d6 7. h3 Nf6 8. Bd3 0-0 9. 0-0 a6 10. a3 Nh5 11. b4 Ba7 12. Kh1 Qe7 13. Qc2 Ngf4 14. Bxf4 Nxf4 15. Kh2 f5 16. exf5 Nxd3 17. Qxd3 Bxf5 18. Ne4 Bxe4 19. Qxe4 Rf4 20. Qe2 Raf8 21. Rae1 e4 22. Qd3 Rxf3 23. gxf3 Qe5+ 24. f4 Rxf4 25. Rxe4 Rxf2+ 26. Kg1 Qh2# 0-1